000 00595nam a22002057a 4500
005 20170303154051.0
010 _aENG-117401
020 _a9788120353114
_c595.00
035 _aEN-100933
037 _bDBAD/PUB
082 _a530.02468
100 _aVerma N.K.
245 _aPhysics for engineers /
_bby N.K. Verma
250 _a2nd ed.
260 _aDelhi
_bPHI Learning
_c2017
270 _a111,Rimjhim house, patparganj Industrial Estate
_bDelhi
_e110092
300 _axxi, 610p.:
_bill.
_c24cm.(pbk)
500 _aIncludes index
942 _2ddc
_cEN
_h530.02462
_mVER
999 _c137997
_d137997